000 01014nam a22002777a 4500
001 8187
003 FISKH
005 20250901142333.0
008 250901b cb ||||| |||| 00| 0 eng d
020 _a9781407219189
040 _aFISKH
_beng
_cFISKH
_dFISKH
050 _aPZ7.S604 H
082 _a823.914
100 _aSimon, Francesca
245 _aHorrid Henry and the Bogey babysitter /
_cFrancesca Simon ; illustrated by Tony Ross
260 _aLondon :
_bOrion Children's Books,
_c2002.
300 _a85 pages :
_billustrations ;
_c20 cm
505 _aK
520 _aHorrid Henry encounters the worst babysitter in the world; traumatizes his parents on a long car trip; goes trick-or-treating at Halloween (with disastrous results); and emerges victorious from a raid on Moody Margaret's Secret Club.
521 8 _a510
_bLexile
521 8 _aK
_bRaz-Plus
650 _aEnglish Children's Fiction
700 _aRoss, Tony
_eillustrator
942 _2ddc
_cBK
_n0
999 _c8187
_d8187